Black Beauty (Record no. 209738)

MARC details
000 -LEADER
fixed length control field 00508nam a22001817a 4500
005 - DATE AND TIME OF LATEST TRANSACTION
control field 20250225125224.0
010 ## - LCCN (DPL NO)
LC control number ENG-143926
020 ## - INTERNATIONAL STANDARD BOOK NUMBER
International Standard Book Number 9789391574390
035 ## - SYSTEM CONTROL NUMBER
System control number EN-127458
037 ## - SOURCE OF ACQUISITION
Source of stock number/acquisition DBAD
082 ## - DEWEY DECIMAL CLASSIFICATION NUMBER
Classification number N
100 ## - MAIN ENTRY--PERSONAL NAME
Personal name Sewell,Anna
Fuller form of name Anna Sewell
Dates associated with a name 2022
245 ## - TITLE STATEMENT
Title Black Beauty
Statement of responsibility, etc by,Anna Sewell
260 ## - PUBLICATION, DISTRIBUTION, ETC. (IMPRINT)
Place of publication, distribution, etc Delhi
Name of publisher, distributor, etc Gyan Geeta Prakashan
Date of publication, distribution, etc 2022
270 ## - ADDRESS
Address F-7,Gali No.1,Panchsheel Garden,Ext.Naveen Shahdara
City Delhi
Postal code 110032
300 ## - PHYSICAL DESCRIPTION
Extent 99p.
Dimensions 23cm(hb)
942 ## - ADDED ENTRY ELEMENTS (KOHA)
Source of classification or shelving scheme Dewey Decimal Classification
Item type English Books
Classification part N
Call number suffix SEW
Holdings
Withdrawn status Lost status Not for loan Collection code Home library Current library Date acquired Source of acquisition Cost, normal purchase price Full call number Barcode Copy number Koha item type
      Fiction D.B.Act.Division D.B.Act.Division 25/02/2025 DBAD 395.00 N SEW EN-127458 1 English Books

© Delhi Public Library
Hit Counter
free hit counter